000 00492nam a2200217 454500
001 079586
003 BD-ChCU
008 Eng
020 _ax
040 _aDLC
_cDLC
_dBD-ChCU
082 0 0 _a628.925/MAI
100 1 _aMahoney, Gene.
_bx
245 1 0 _aIntroduction to fire apparatus and equipment
_bx
250 _ax
260 _aBoston
_bAllyn and Bacon.
_c1981
300 _a386p
504 _a
650 0 _aFire Engines
_bFire Engines
700 1 _ax
942 _2ddc
_cBK
999 _c79586
_d79586